KENDİNİ BULMAK (Record no. 1053134)
[ view plain ]
| 000 -LEADER | |
|---|---|
| sabit uzunluktaki kontrol alanı | 00236nam a2200097Ia 4500 |
| 001 - KONTROL NUMARASI | |
| kontrol alanı | 1053134 |
| 005 - EN SON İŞLEMİN TARİH VE ZAMANI | |
| kontrol alanı | 20250827001259.0 |
| 008 - SABİT-UZUNLUKTA VERİ ÖĞELERİ--GENEL BİLGİ | |
| sabit uzunluktaki kontrol alanı | 250824s9999 xx 000 0 und d |
| 245 #0 - ESER / YAZAR | |
| ESER ADI | KENDİNİ BULMAK |
| Yazar Adı | İNSAN FAZILOĞLU |
| 260 ## - YAYIN, DAĞITIM, VB. | |
| YAYIN EVİ | KETEBE |
| Düşüm durumu | Kayıp durumu | Hasar Durumu | Ödünç verilmez | Ana kütüphane | Geçerli Kütüphane | Edinilen tarih | Toplam ödünç verme sayısı | Barkod | Son görüntüleme tarihi | Fiyatın geçerli olmaya başladığı tarih | Koha materyal türü |
|---|---|---|---|---|---|---|---|---|---|---|---|
| GAZİ MESLEKİ VE TEKNİK ANADOLU LİSESİ | GAZİ MESLEKİ VE TEKNİK ANADOLU LİSESİ | 24.08.2025 | 10444129 | 27.08.2025 | 27.08.2025 | Books |